Políticos españoles #1 - Estadísticas

Estadísticas generales
  • Esta prueba ha sido intentada 292 veces
  • La puntuación promedio es 8 de 13
Estadísticas de respuestas
Imagen Respuesta % Correcto
Pedro Sánchez
100%
Santiago Abascal
100%
Alberto Núñez Feijóo
96%
Yolanda Díaz
96%
Gabriel Rufián
88%
José Luis Ábalos
73%
Ione Belarra
60%
Aitor Esteban
45%
Míriam Nogueras
41%
Oskar Matute
38%
Néstor Rego
18%
Alberto Catalán
11%
Cristina Valido
11%
No se encontraron pruebas coincidentes
Distribución de puntuación
Porcentaje de gente con cada puntuación
Porcentaje por número respondido
Historial de tus puntuaciones
No has intentado esta prueba.